Регионална библиотека "Любен Каравелов" - Русе

Фашизмът (Запис номер 57534)

MARC детайли
000 -Лидер
Контролно поле с фиксирана дължина 01509nam a2200349 c 4500
003 - Код на организацията, давaща контролен номер
Контролно поле BLK
005 - Дата и час на последна редакция
Контролно поле 20181011111441.0
008 - Елементи от данни с фиксирана дължина
fixed length control field 180408b bul|||||r ||||||| ||bul||
010 ## - Наследен системен номер
LC control number KNG00061538000
040 ## - Източник на каталожния запис
Идентификатор на билиотеката - собственик на записа BLK
041 ## - Код за език
Код за езика на текст/звукозапис или на отделно заглавие Български
Код за езика КДБФ Български
080 ## - УДК
Текстов определител УДК Авторитарни режими в ново време на основата на политически и националистически движения. Тоталитаризъм. Диктатура на определена политическа партия или група. Вж и 321.74
УДК код - определител по УДК 321.64
УДК определител
УДК - код + определител 321.64
080 ## - УДК
Текстов определител УДК История на Италия
УДК код - определител по УДК 945
УДК определител
УДК - код + определител 945
080 ## - УДК
Текстов определител УДК История на Германия
УДК код - определител по УДК 94(430)
УДК определител
УДК - код + определител 94(430)
080 ## - УДК
Текстов определител УДК История на Франция
УДК код - определител по УДК 944
УДК определител
УДК - код + определител 944
100 1# - Редна дума - Автор
Автор Семков, Милен Христов
Авторска отговорност първи автор
R(LIN) 364802
139 ## - Редно поле
Редна дума Семков, Милен Христов
Авторски знак Сем - С 32
245 10 - Сведения за заглавието
Заглавие Фашизмът
Редно поле (дума) Милен Христов Семков.
257 ## - Страна на издаване
Страна на създаване/издаване България
260 ## - Област на издателските данни
-- София
Име на издателя, разпространителя и проч. Унив. изд. Св. Климент Охридски
Година на издаване 1989
Печатница В. Търново : Д. Найденов
300 ## - Физическа характеристика
Страници 400 с.
Илюстрации и др. с табл., 24 л. : ил.
Размери/Мащаб 25 см
380 ## - Жанр
Жанр Обществени науки
650 #4 - Допълнително описание по предмет – тема
Основно описание – тема или топоним Фашизъм
9 (RLIN) 175188
653 ## - Ключова дума – ненормативна
Ключова дума фашизъм
653 ## - Ключова дума – ненормативна
Ключова дума Европа
653 ## - Ключова дума – ненормативна
Ключова дума история
852 ## - Местоположение
Форматна сигнатура Цб 160117
856 4# - Електронен адрес и достъп
Електронен формат pdf - файл
Път до файла /url/
856 4# - Електронен адрес и достъп
Електронен формат pdf - файл
Път до файла /url/
942 ## - АРТИКУЛИ
Вид на библиотечния материал Книги
Скрит в OPAC Не
Koha issues (borrowed), all copies 1
944 ## - СЪЗДАВАНЕ И РЕДАКЦИЯ на ЗАПИСА
Създаване/Редакция Създаване
Дата на регистрацията/редакция 13.06.2004
Служител, извършил регистрацията/редакцията Геновева_Генчева
944 ## - СЪЗДАВАНЕ И РЕДАКЦИЯ на ЗАПИСА
Създаване/Редакция Редакция
Дата на регистрацията/редакция 24.06.2010
Служител, извършил регистрацията/редакцията
999 ## - СИСТЕМНИ КОНТРОЛНИ НОМЕРА
Koha biblionumber 57534
Koha biblioitemnumber 57534
Наличности
Код за отписване Код за изгубен артикул Източник на класификационната схема Код за повреда Коз за рестрикции Код за отдаване Артикулен № Име на библиотеката - собственик Име на библиотеката, в която се намира в момента Статус (Текущо местоположение) Дата на вписване в системата Местоположение - отдел Цена в лева Инвентарен номер Систематично азбучна сигнатура Баркод Номер на екземпляра Цена в евро Служебна бележка Служебен тип на артикула
Изтеглен Не е изгубен Universal Decimal Classification Не е повреден без рестрикции ползва се в читалня 93460 Регионална библиотека "Любен Каравелов" Русе Регионална библиотека "Любен Каравелов" Русе Читалня 1993-01-01 Читалня 5.60 526379 Ч 32/С 32 526379 1 2.86 Дата инв: 22.03.2017 Бележки инв: Ч2017 Книги
  Не е изгубен Universal Decimal Classification Не е повреден без рестрикции ползва се в читалня 93461 Регионална библиотека "Любен Каравелов" Русе Регионална библиотека "Любен Каравелов" Русе Хранилище 1989-01-01 Хранилище 5.60 524988 Цб 160117 120000524988 2 2.86 Дост: Dp Вид: Д N: стар фонд Дата: 01.01.1989 Книги
  Не е изгубен Universal Decimal Classification Не е повреден без рестрикции заемане за дома 93462 Регионална библиотека "Любен Каравелов" Русе Регионална библиотека "Любен Каравелов" Русе Заемна - подръчен фонд 1989-01-01 Заемна - подръчен фонд 5.60 526554 П 32/С 32 526554 3 2.86 Дост: Pk Вид: Ф N: стар фонд Дата: 01.01.1989 Дата инв: 02.02.2018 Бележки инв: П2018 Книги
Vip Innovations Ltd, Rousse, Bulgaria 2025